Handbook on The Right to Information Act (Record no. 1125852)

MARC details
000 -LEADER
fixed length control field 00355nam a2200133Ia 4500
008 - FIXED-LENGTH DATA ELEMENTS--GENERAL INFORMATION
fixed length control field 231229s2016 xx 000 0 und d
041 ## - LANGUAGE CODE
Language code of text/sound track or separate title eng
082 ## - DEWEY DECIMAL CLASSIFICATION NUMBER
Classification number 342.540853
Item number DAS
100 ## - MAIN ENTRY--PERSONAL NAME
Personal name DAS (P.K.)
245 ## - TITLE STATEMENT
Title Handbook on The Right to Information Act
250 ## - EDITION STATEMENT
Edition statement 5th
260 ## - PUBLICATION, DISTRIBUTION, ETC.
Name of publisher, distributor, etc. Universal Law Publishing Co. Pvt. Ltd.
Date of publication, distribution, etc. 2016
300 ## - PHYSICAL DESCRIPTION
Extent vi, 1096

No items available.